Statistics for Cannes Film Festival Award for Best Actor

Click here to take the quiz!

General Stats

  • This quiz has been taken 64 times
  • The average score is 13 of 78

Answer Stats

YearActor% Correct
1990Gérard Depardieu
75%
2011Jean Dujardin
63%
1974Jack Nicholson
56%
1997Sean Penn
56%
2010Javier Bardem
50%
1952Marlon Brando
50%
1982Jack Lemmon
44%
1979Jack Lemmon
44%
1987Marcello Mastroianni
44%
1970Marcello Mastroianni
44%
2015Vincent Lindon
44%
1996Daniel Auteuil
31%
2006Jamel Debbouze
31%
1969Jean-Louis Trintignant
31%
1958Paul Newman
31%
1955Spencer Tracy
31%
2001Benoît Magimel
25%
1988Forest Whitaker
25%
1986Michel Blanc
25%
1980Michel Piccoli
25%
2005Tommy Lee Jones
25%
1985William Hurt
25%
2013Bruce Dern
19%
1991John Turturro
19%
1978Jon Voight
19%
2012Mads Mikkelsen
19%
1959Orson Welles
19%
1946Ray Milland
19%
2006Roschdy Zem
19%
2006Samy Naceri
19%
1975Vittorio Gassman
19%
2006Bernard Blancan
13%
1986Bob Hoskins
13%
1949Edward G. Robinson
13%
2010Elio Germano
13%
1994Ge You
13%
1983Gian Maria Volontè
13%
1995Jonathan Pryce
13%
2007Konstantin Lavronenko
13%
1951Michael Redgrave
13%
1996Pascal Duquenne
13%
2006Sami Bouajila
13%
1992Tim Robbins
13%
1981Ugo Tognazzi
13%
1961Anthony Perkins
6%
2008Benicio del Toro
6%
2009Christoph Waltz
6%
1993David Thewlis
6%
1999Emmanuel Schotté
6%
1977Fernando Rey
6%
1989James Spader
6%
1962Jason Robards
6%
1972Jean Yanne
6%
2002Olivier Gourmet
6%
1998Peter Mullan
6%
1963Richard Harris
6%
1965Terence Stamp
6%
2014Timothy Spall
6%
2004Yûya Yagira
6%
1984Alfredo Landa
0%
1964Antal Páger
0%
1959Bradford Dillman
0%
1959Dean Stockwell
0%
1962Dean Stockwell
0%
1984Francisco Rabal
0%
1973Giancarlo Giannini
0%
1957John Kitzmiller
0%
1976José Luis Gómez
0%
2003Mehmet Emin Toprak
0%
1962Murray Melvin
0%
2003Muzaffer Ozdemir
0%
1967Oded Kotler
0%
1966Per Oscarsson
0%
1962Ralph Richardson
0%
1971Riccardo Cucciolla
0%
1964Saro Urzì
0%
2016Shahab Hosseini
0%
2000Tony Leung Chiu Wai
0%

Score Distribution

Percentile by Number Answered

Percent of People with Each Score

Your Score History

You have not taken this quiz